LEADER 01370nam a2200277 i 4500 001 000000229160 003 CaOOAMICUS 005 20220523144339.0 008 140429s1869 it u000 u ita u 013 $a208062 040 $aSeMil$bita 100 0 $aGregorius I,$c.$0(OLS)http://semarc/name/465 245 13$aIl libro della regola pastorale di S. Gregorio Magno :$bvolgarizzamento inedito del secolo 14. tratto da un manoscritto della Biblioteca Ambrosiana /$cda Antonio Ceruti. 260 $aMilano :$bDitta Boniardi-Pogliani di E. Besozzi,$c1869. 300 $a260 p. ;$c20 cm. 650 4$aGregorio : Magno - Opere.$0(OLS)http://semarc/subject/496 700 1 $aCeruti, Antonio.$0(OLS)http://semarc/name/8944 850 $aSeMil 852 $aSeMil$W1$xVenegono$y1$m2T I 17 FA$j179506$B179506$CSeMilBibl$Z2$F190610 $8I 900 0 $aGregorio : Magno$c. 900 0 $aGregorio I$c. 996 $6245$aIl libro della regola pastorale di S. Gregorio Magno :$bvolgarizzamento inedito del secolo 14. tratto da un manoscritto della Biblioteca Ambrosiana$9(OLS)http://semarc/title/327832 996 $6260$aMilano :$bDitta Boniardi-Pogliani di E. Besozzi$9(OLS)http://semarc/publisher/31862 LEADER 01432nam a2200301 i 4500 001 000000039655 003 CaOOAMICUS 005 20100917000000.0 008 100917s1987 gw u000 u mul u 013 $a10702 020 $a3-05-000117-8 040 $aSeMil$bita 100 1 $aIrmscher, Johannes.$0(OLS)http://semarc/name/19272 245 10$aTexte und textkritik eine Aufsatzsammlung /$cIn Zusammenarbeit mit Johannes Irmscher ; Franz Paschke und Kurt Treu ; herausgegeben von Jürgen Dummer. 260 $aBerlin :$bAkademie Verlag,$c1987. 300 $a638 p. ;$c24 cm. 490 0 $aTexte und Untersuchungen zur Geschichte der altchristlichen Literatur ;$vBand133 650 4$aPatristica - Studi.$0(OLS)http://semarc/subject/3628 700 1 $aDummer, Jürgen.$0(OLS)http://semarc/name/19275 700 1 $aTreu, Kurt.$0(OLS)http://semarc/name/19274 700 1 $aPaschke, Franz.$0(OLS)http://semarc/name/19273 830 0$aTexte und Untersuchungen zur Geschichte der altchristlichen Literatur ;$vBand133.$0(OLS)http://semarc/title/199 850 $aSeMil 852 $aSeMil$W1$xVenegono$y1$m2U IV 230$j5810$B5810$CSeMilBibl$Z2$F5810 $81 961 $aAcquisto: Distributore 996 $6020$a3-05-000117-8$9(OLS)http://semarc/number/9417 996 $6245$aTexte und textkritik eine Aufsatzsammlung$9(OLS)http://semarc/title/56595 996 $6260$aBerlin :$bAkademie Verlag$9(OLS)http://semarc/publisher/29687